Correctly Spelled or Not? Click Quiz #1 - Statistics

General Stats
  • This quiz has been taken 48,796 times
  • The average score is 15 of 20
Answer Stats
Hint Explanation Answer % Correct
spaghetti Correct
90%
JetPnuk wait, really? Misspelled
90%
column Correct
89%
Wendsday Wednesday Misspelled
89%
independent Correct
88%
mischief Correct
85%
rhapsody Correct
81%
humorous Correct
79%
assassination Correct
79%
Kyrgyzstan Correct
79%
camoflage camouflage Misspelled
78%
Massachusetts Correct
76%
playwright Correct
71%
accidentaly accidentally Misspelled
69%
absense absence Misspelled
65%
vaccum vacuum Misspelled
64%
heirarchy hierarchy Misspelled
57%
milennium millennium Misspelled
56%
mispelled misspelled Misspelled
56%
Carribbean Caribbean Misspelled
48%
No matching quizzes found
Score Distribution
Percent of People with Each Score
Percentile by Number Answered
Your Score History
You have not taken this quiz